Самовоспитание и умение жить (Запис номер 131481)
[ съкратено ]
| 000 -Лидер | |
|---|---|
| Контролно поле с фиксирана дължина | nam a22 a 4500 |
| 003 - Код на организацията, давaща контролен номер | |
| Контролно поле | BLK |
| 005 - Дата и час на последна редакция | |
| Контролно поле | 20210319094546.0 |
| 008 - Елементи от данни с фиксирана дължина | |
| fixed length control field | 180409b bul|||||r ||||||| ||bul|| |
| 010 ## - Наследен системен номер | |
| LC control number | KNG00137301000 |
| 040 ## - Източник на каталожния запис | |
| Идентификатор на билиотеката - собственик на записа | BLK |
| 041 ## - Код за език | |
| Код за езика на текст/звукозапис или на отделно заглавие | Руски |
| Код за езика КДБФ | Руски |
| 080 ## - УДК | |
| Текстов определител УДК | Индивидуална психология. Психология на личността. Индивидуалност. Психология на характера. Характерология. Психологическа типология |
| УДК код - определител по УДК | 159.923 |
| УДК - код + определител | 159.923 |
| 100 1# - Редна дума - Автор | |
| Автор | Леббок, Джон |
| Авторска отговорност | първи автор |
| R(LIN) | 87925 |
| 139 ## - Редно поле | |
| Редна дума | Леббок, Джон |
| Авторски знак | Леб - Л 33 |
| 245 10 - Сведения за заглавието | |
| Заглавие | Самовоспитание и умение жить |
| Редно поле (дума) | Джон Леббок; прев. от англ. Э. А. Серебрякова. |
| 257 ## - Страна на издаване | |
| Страна на създаване/издаване | Великобритания |
| 260 ## - Област на издателските данни | |
| Място на издаване, разпространение и проч. | С.-Петербург |
| Име на издателя, разпространителя и проч. | Вестн. знания |
| Година на издаване | [1914] |
| Печатница | Екатеринг. : Екатерингофское печ. дело |
| 300 ## - Физическа характеристика | |
| Страници | 104 с. |
| Размери/Мащаб | 24 см |
| 380 ## - Жанр | |
| Жанр | Философия |
| 650 #4 - Допълнително описание по предмет – тема | |
| Основно описание – тема или топоним | Личност - духовно усъвършенстване |
| 9 (RLIN) | 256548 |
| 650 #4 - Допълнително описание по предмет – тема | |
| Основно описание – тема или топоним | Личност - философски и социологични проблеми |
| 9 (RLIN) | 260613 |
| 653 ## - Ключова дума – ненормативна | |
| Ключова дума | самовъзпитание |
| 653 ## - Ключова дума – ненормативна | |
| Ключова дума | личностни фактори |
| 653 ## - Ключова дума – ненормативна | |
| Ключова дума | духовно усъвършенстване |
| 700 1# - Други автори (авторска отговорност) | |
| Лично име | Серебрякова, Э. А. |
| Автороска отговорност (Описва отношението между автора и произведението) | прев. от англ. |
| 9 (RLIN) | 322746 |
| 852 ## - Местоположение | |
| Форматна сигнатура | Цб 1.240.15699 |
| 856 4# - Електронен адрес и достъп | |
| Електронен формат | pdf - файл |
| 856 4# - Електронен адрес и достъп | |
| Електронен формат | pdf - файл |
| 999 ## - СИСТЕМНИ КОНТРОЛНИ НОМЕРА | |
| Koha biblionumber | 131481 |
| Koha biblioitemnumber | 131481 |
| 942 ## - АРТИКУЛИ | |
| Вид на библиотечния материал | Книги |
| Скрит в OPAC | Не |
| Периодичен библиозапис | Да |
| 944 ## - СЪЗДАВАНЕ И РЕДАКЦИЯ на ЗАПИСА | |
| Създаване/Редакция | Създаване |
| Дата на регистрацията/редакция | 13.12.2012 |
| Статус, дата на статуса | ф / 13.12.2012 |
| Служител, извършил регистрацията/редакцията | Наталия_Медовщикова |
| 944 ## - СЪЗДАВАНЕ И РЕДАКЦИЯ на ЗАПИСА | |
| Създаване/Редакция | Редакция |
| Дата на регистрацията/редакция | 2021-03-19 |
| Служител, извършил регистрацията/редакцията | Кети |
| Код за отписване | Код за изгубен артикул | Източник на класификационната схема | Код за повреда | Коз за рестрикции | Код за отдаване | Артикулен № | Име на библиотеката - собственик | Име на библиотеката, в която се намира в момента | Статус (Текущо местоположение) | Дата на вписване в системата | Местоположение - отдел | Цена в лева | Инвентарен номер | Систематично азбучна сигнатура | Баркод | Номер на екземпляра | Цена в евро | Служебна бележка | Служебен тип на артикула |
|---|---|---|---|---|---|---|---|---|---|---|---|---|---|---|---|---|---|---|---|
| Не е изгубен | Universal Decimal Classification | Не е повреден | без рестрикции | ползва се в читалня | 214489 | Регионална библиотека "Любен Каравелов" Русе | Регионална библиотека "Любен Каравелов" Русе | Хранилище | 1914-01-01 | Основен фонд - ползва се само за читалня | 0.08 | 15699 | Цб 1.240.15699 | 900000039467 | 1 | 0.04 | N: стар фонд Дата: 01.01.1914 Дата инв: 20.04.2015 Бележки инв: О2015 | Книги |